[Event "ODEM U25A 2012"]
[Site "Oberhof GER"]
[Date "2012.05.27"]
[Round "2"]
[White "Kirn, Niklas Johann"]
[Black "Grötzbach, Daniel"]
[Result "1/2-1/2"]
[Termination "normal"]
[Board "13"]
[WhiteElo "1687"]
[BlackElo "1896"]
[PlyCount "47"]
[WhiteFideId "12910899"]
[BlackFideId "24692166"]
[EventCountry "GER"]
[EventRounds "9"]
[EventType "swiss"]
[EventDate "2012.05.26"]

1. e4 c5 2. Nf3 d6 3. d4 cxd4 4. Nxd4 Nf6 5. Nc3 a6 6. Be3 e5 7. Nb3 Be7 8. Be2
Be6 9. Bf3 O-O 10. O-O Qc7 11. Rc1 b5 12. Qd2 Nbd7 13. Nd5 Bxd5 14. exd5 Rfc8
15. Rfe1 Nb6 16. Bxb6 Qxb6 17. Na5 Nd7 18. Nc6 Bf6 19. Bg4 Rc7 20. Bxd7 Rxd7
21. b4 h6 22. Qd3 Bg5 23. Rcd1 Re8 24. Qf5 1/2-1/2

[Event "ODEM U25A 2012"]
[Site "Oberhof GER"]
[Date "2012.05.27"]
[Round "2"]
[White "Höpfner, Tim"]
[Black "Thumm, Felix"]
[Result "1-0"]
[Termination "normal"]
[Board "14"]
[WhiteElo "1942"]
[BlackElo "1738"]
[PlyCount "65"]
[WhiteFideId "4638310"]
[BlackFideId "12902209"]
[EventCountry "GER"]
[EventRounds "9"]
[EventType "swiss"]
[EventDate "2012.05.26"]

1. d4 e6 2. c4 d5 3. Nf3 Nf6 4. g3 Be7 5. Bg2 c6 6. Qc2 Nbd7 7. Nbd2 O-O 8. O-O
b6 9. e4 dxe4 10. Nxe4 Bb7 11. Rd1 Qc7 12. Bf4 Qc8 13. Nd6 Bxd6 14. Bxd6 Re8
15. c5 Nd5 16. Rac1 N7f6 17. Ne5 b5 18. a4 a6 19. axb5 axb5 20. Ra1 Ne7 21. Qe2
Rxa1 22. Rxa1 Nf5 23. Qd2 Nxd6 24. cxd6 Rd8 25. Qb4 Nd7 26. Qc3 Nb8 27. Qc5 f6
28. Nd3 Qd7 29. Ra7 Qc8 30. Qb6 Qd7 31. Qxb7 Qxb7 32. Rxb7 Nd7 33. Nc5 1-0

[Event "ODEM U25A 2012"]
[Site "Oberhof GER"]
[Date "2012.05.27"]
[Round "2"]
[White "Bleecke, Sebastian"]
[Black "Berger, Manuel"]
[Result "1/2-1/2"]
[Termination "normal"]
[Board "15"]
[WhiteElo "1595"]
[BlackElo "1888"]
[PlyCount "100"]
[WhiteFideId "12941131"]
[BlackFideId "24692506"]
[EventCountry "GER"]
[EventRounds "9"]
[EventType "swiss"]
[EventDate "2012.05.26"]

1. e4 c5 2. Nc3 Nc6 3. f4 g6 4. Nf3 Bg7 5. Bb5 a6 6. Bxc6 bxc6 7. d3 d6 8. O-O
e6 9. Qe1 Rb8 10. b3 Ne7 11. Bb2 O-O 12. Kh1 h6 13. e5 Nd5 14. exd6 Qxd6 15.
Ne5 Qc7 16. Na4 Kh7 17. Nxc5 f6 18. Nc4 Nxf4 19. g3 Nh5 20. Nxe6 Bxe6 21. Qxe6
Rbe8 22. Qg4 f5 23. Qf3 Bxb2 24. Nxb2 f4 25. g4 Re3 26. Qf2 Ng7 27. Nc4 Re7 28.
Rae1 Rxe1 29. Rxe1 Qd7 30. Qf3 c5 31. Ne5 Qd6 32. Qc6 Qxc6+ 33. Nxc6 Re8 34.
Rxe8 Nxe8 35. Kg2 Kg7 36. d4 cxd4 37. Nxd4 Kf6 38. Kf3 g5 39. c4 Nc7 40. b4 Ne6
41. Nxe6 Kxe6 42. Ke4 Kd6 43. a4 Kc6 44. Kd4 Kb6 45. c5+ Kc6 46. Kc4 Kc7 47. b5
axb5+ 48. axb5 Kb7 49. Kd4 Kc7 50. Kc3 Kb7 1/2-1/2

[Event "ODEM U25A 2012"]
[Site "Oberhof GER"]
[Date "2012.05.27"]
[Round "2"]
[White "Dietrich, Franz"]
[Black "Kast, Joannis"]
[Result "1/2-1/2"]
[Termination "normal"]
[Board "16"]
[WhiteElo "1571"]
[BlackElo "1758"]
[PlyCount "129"]
[WhiteFideId "1270312"]
[BlackFideId "24698776"]
[EventCountry "GER"]
[EventRounds "9"]
[EventType "swiss"]
[EventDate "2012.05.26"]

1. e4 e5 2. Nf3 Nc6 3. Bc4 Bc5 4. d3 Nf6 5. Bg5 h6 6. Bh4 d6 7. c3 Be6 8. Nbd2
Bb6 9. b4 a6 10. a4 O-O 11. O-O Qe7 12. Qb3 Bxc4 13. Nxc4 Qe6 14. Bxf6 gxf6 15.
Ncd2 Kh7 16. Qxe6 fxe6 17. Nc4 Ba7 18. b5 Ne7 19. d4 Rg8 20. bxa6 bxa6 21. Rab1
Rab8 22. Rfd1 Kg7 23. h4 Kf7 24. Na5 Rxb1 25. Rxb1 Rb8 26. Rxb8 Bxb8 27. Kf1
Ba7 28. Ke2 Bb6 29. Nc4 Nc6 30. d5 exd5 31. exd5 Ne7 32. Nxb6 cxb6 33. c4 f5
34. Nd2 Kf6 35. g3 Ng6 36. Nb3 a5 37. Nd2 e4 38. Nb3 Ne5 39. Nd2 Nd7 40. Nb1
Ke5 41. Ke3 Nc5 42. Nc3 h5 43. f4+ exf3 44. Kxf3 Kd4 45. Nb5+ Kxc4 46. Nxd6+
Kxd5 47. Nxf5 Nxa4 48. Ne3+ Kd4 49. Nc2+ Ke5 50. Na3 Nb2 51. g4 hxg4+ 52. Kxg4
Kf6 53. h5 a4 54. h6 Nd1 55. h7 Kg7 56. h8=Q+ Kxh8 57. Kf4 Nc3 58. Ke3 Kg7 59.
Kd3 Na2 60. Kc4 Kf6 61. Kb5 Ke5 62. Kxa4 Nc3+ 63. Kb4 Kd4 64. Nb5+ Nxb5 65.
Kxb5 1/2-1/2

[Event "ODEM U25A 2012"]
[Site "Oberhof GER"]
[Date "2012.05.27"]
[Round "2"]
[White "Mann, Johannes"]
[Black "Vergin, Marcel"]
[Result "0-1"]
[Termination "normal"]
[Board "17"]
[WhiteElo "1859"]
[BlackElo "1565"]
[PlyCount "108"]
[WhiteFideId "24691380"]
[EventCountry "GER"]
[EventRounds "9"]
[EventType "swiss"]
[EventDate "2012.05.26"]

1. e4 c5 2. Nc3 e6 3. Nf3 d6 4. g3 Nc6 5. Bg2 a6 6. O-O Nf6 7. d3 Be7 8. Be3
Ng4 9. Bd2 Nge5 10. Ne1 O-O 11. f4 Nd7 12. g4 Qc7 13. Nf3 b5 14. Qe1 Bb7 15.
Qg3 Nd4 16. Rf2 Nxc2 17. Rc1 Nb4 18. Bf1 d5 19. a3 dxe4 20. dxe4 Nc6 21. e5 c4
22. Re1 Rfd8 23. f5 Bc5 24. Be3 Bxe3 25. Rxe3 exf5 26. gxf5 Ne7 27. Nh4 Nf8 28.
Bg2 Bxg2 29. Rxg2 g6 30. f6 Nd5 31. Ree2 Nxc3 32. bxc3 Rd3 33. Re3 Qc5 34. Rge2
Rxc3 35. Nf5 Rc1+ 36. Kf2 Qa7 37. Ne7+ Kh8 38. Qf3 Ne6 39. Rd2 Rf8 40. Qe4 Rc3
41. Rde2 Rxa3 42. Kf1 Rxe3 43. Rxe3 Qd4 44. Ke2 Qxe4 45. Rxe4 Rd8 46. Nc6 Rc8
47. Ne7 Rc5 48. Kd2 c3+ 49. Kc2 a5 50. Re1 b4 51. Rd1 a4 52. Rd6 b3+ 53. Kc1 c2
54. Rb6 h5 0-1

[Event "ODEM U25A 2012"]
[Site "Oberhof GER"]
[Date "2012.05.27"]
[Round "2"]
[White "Peters, Florian"]
[Black "Ospina Ocampo, Camilo"]
[Result "1-0"]
[Termination "normal"]
[Board "18"]
[WhiteElo "1537"]
[BlackElo "1972"]
[PlyCount "61"]
[WhiteFideId "12952028"]
[BlackFideId "12907030"]
[EventCountry "GER"]
[EventRounds "9"]
[EventType "swiss"]
[EventDate "2012.05.26"]

1. d4 Nf6 2. f3 d5 3. e4 dxe4 4. Nc3 exf3 5. Nxf3 Bg4 6. h3 Bxf3 7. Qxf3 c6 8.
Be3 e6 9. Bd3 Nbd7 10. O-O Bd6 11. Ne4 Be7 12. Rf2 O-O 13. Raf1 Nxe4 14. Qxe4
g6 15. Bh6 Nf6 16. Qe5 Re8 17. Rxf6 Bxf6 18. Rxf6 Qd7 19. Rf4 f6 20. Rxf6 Rad8
21. c3 Re7 22. Bc4 Rde8 23. h4 b6 24. h5 gxh5 25. Qxh5 Kh8 26. Qe5 Kg8 27. Qf5
Rf7 28. Qg5+ Kh8 29. Qe5 Rxf6 30. Qxf6+ Kg8 31. Bxe6+ 1-0

[Event "ODEM U25A 2012"]
[Site "Oberhof GER"]
[Date "2012.05.27"]
[Round "2"]
[White "Wurm, Alexander"]
[Black "Hartmann, Jakob"]
[Result "1-0"]
[Termination "normal"]
[Board "19"]
[WhiteElo "2059"]
[BlackElo "1710"]
[PlyCount "67"]
[WhiteFideId "24637246"]
[BlackFideId "12918067"]
[EventCountry "GER"]
[EventRounds "9"]
[EventType "swiss"]
[EventDate "2012.05.26"]

1. e4 d5 2. exd5 Qxd5 3. Nc3 Qd6 4. d4 Nf6 5. Nf3 a6 6. g3 b5 7. Bg2 Bb7 8. O-O
e6 9. Bf4 Qb6 10. a3 Bd6 11. Be5 Nbd7 12. Qe2 O-O 13. Rfe1 Rfe8 14. Rad1 Rad8
15. h3 Qa5 16. Nb1 Qb6 17. Nbd2 c5 18. Bxd6 Qxd6 19. dxc5 Qxc5 20. Nb3 Qb6 21.
c3 Ne4 22. Nfd4 Ndf6 23. Qe3 Nd6 24. Bxb7 Nxb7 25. Qf3 Nd6 26. Nc6 Rd7 27. Ne5
Rdd8 28. Nd2 Nb7 29. Ne4 Nxe4 30. Qxf7+ Kh8 31. Rxd8 Qxd8 32. Rxe4 Nd6 33. Rd4
Qb8 34. Ng6+ 1-0

[Event "ODEM U25A 2012"]
[Site "Oberhof GER"]
[Date "2012.05.27"]
[Round "2"]
[White "Linnemann, Niklas"]
[Black "Häusler, Yannick"]
[Result "1-0"]
[Termination "normal"]
[Board "20"]
[WhiteElo "1932"]
[BlackElo "1900"]
[PlyCount "65"]
[WhiteFideId "24695645"]
[BlackFideId "12935891"]
[EventCountry "GER"]
[EventRounds "9"]
[EventType "swiss"]
[EventDate "2012.05.26"]

1. e4 c5 2. Nf3 d6 3. d4 cxd4 4. Nxd4 Nf6 5. Nc3 a6 6. Bg5 Nbd7 7. f4 e6 8. Qf3
Be7 9. O-O-O Qc7 10. Bd3 b5 11. Rhe1 Bb7 12. g4 Rc8 13. Bxf6 Bxf6 14. Bxb5 O-O
15. Bxd7 Qxd7 16. g5 Be7 17. Qd3 Rc7 18. h4 Rfc8 19. f5 d5 20. Nde2 Bb4 21. f6
Qd6 22. Kb1 Rxc3 23. Nxc3 a5 24. Nb5 Qb6 25. c3 Ba6 26. cxb4 Bxb5 27. Qd4 Qb7
28. Rc1 Rb8 29. exd5 exd5 30. Re7 Qa6 31. Qxd5 Bd3+ 32. Ka1 Bg6 33. Qd7 1-0

[Event "ODEM U25A 2012"]
[Site "Oberhof GER"]
[Date "2012.05.27"]
[Round "2"]
[White "Torzinski, Nils"]
[Black "Tobianski, Fabian"]
[Result "1-0"]
[Termination "normal"]
[Board "22"]
[WhiteElo "1778"]
[BlackElo "1628"]
[PlyCount "59"]
[WhiteFideId "24695840"]
[BlackFideId "12952001"]
[EventCountry "GER"]
[EventRounds "9"]
[EventType "swiss"]
[EventDate "2012.05.26"]

1. e4 e6 2. d4 d5 3. exd5 exd5 4. Bd3 Bd6 5. Ne2 Ne7 6. O-O O-O 7. c3 c5 8. Re1
Nbc6 9. Nd2 Qc7 10. Nf1 Bf5 11. Bg5 Bxd3 12. Qxd3 c4 13. Qf3 Rad8 14. Qg4 Qd7
15. Qf3 b5 16. Ne3 a5 17. Bf4 Bxf4 18. Nxf4 b4 19. a3 b3 20. Re2 Na7 21. Rae1
Rfe8 22. h3 h6 23. Nexd5 Nxd5 24. Rxe8+ Rxe8 25. Rxe8+ Qxe8 26. Nxd5 Qe1+ 27.
Kh2 Qe6 28. Ne3 Qc6 29. Qxc6 Nxc6 30. Nxc4 1-0

[Event "ODEM U25A 2012"]
[Site "Oberhof GER"]
[Date "2012.05.27"]
[Round "2"]
[White "Celmer, Ole"]
[Black "Wastian, Jan"]
[Result "1-0"]
[Termination "normal"]
[Board "23"]
[WhiteElo "1834"]
[BlackElo "1627"]
[PlyCount "51"]
[WhiteFideId "24657107"]
[BlackFideId "12911640"]
[EventCountry "GER"]
[EventRounds "9"]
[EventType "swiss"]
[EventDate "2012.05.26"]

1. e4 c6 2. d4 d5 3. exd5 cxd5 4. Bd3 Nc6 5. c3 Qc7 6. h3 Nf6 7. Nf3 g6 8. Qc2
Bg7 9. O-O O-O 10. Re1 Ne8 11. b3 a6 12. Ba3 Bf6 13. Nbd2 b5 14. Rac1 Nd6 15.
Nf1 Rd8 16. Ng3 Be6 17. Re2 Rac8 18. Qd2 Qd7 19. Ne5 Qb7 20. Rce1 a5 21. Bc2
Rc7 22. Nd3 Ne8 23. Nc5 Qc8 24. Nxe6 fxe6 25. Bc5 Ng7 26. Bb6 1-0

[Event "ODEM U25A 2012"]
[Site "Oberhof GER"]
[Date "2012.05.27"]
[Round "2"]
[White "Scheinhütte, Jakob"]
[Black "Mann, Jonas"]
[Result "1-0"]
[Termination "normal"]
[Board "24"]
[WhiteElo "1661"]
[BlackElo "1541"]
[PlyCount "41"]
[WhiteFideId "24693944"]
[BlackFideId "12900214"]
[EventCountry "GER"]
[EventRounds "9"]
[EventType "swiss"]
[EventDate "2012.05.26"]

1. e4 c5 2. Nf3 d6 3. c3 Nf6 4. h3 a6 5. Bd3 e6 6. O-O Be7 7. Bc2 O-O 8. d4
cxd4 9. cxd4 Nc6 10. Nc3 b5 11. a3 Bb7 12. Be3 Na5 13. Nd2 d5 14. e5 Nd7 15.
Qg4 Re8 16. f4 Nb6 17. f5 f6 18. fxe6 Nac4 19. Nxc4 Nxc4 20. Bh6 Bf8 21. exf6
1-0

[Event "ODEM U25A 2012"]
[Site "Oberhof GER"]
[Date "2012.05.27"]
[Round "2"]
[White "Kitze, Lukas"]
[Black "Askri, Samir"]
[Result "1-0"]
[Termination "normal"]
[Board "25"]
[WhiteElo "1513"]
[BlackElo "1795"]
[PlyCount "47"]
[WhiteFideId "12932159"]
[BlackFideId "12924938"]
[EventCountry "GER"]
[EventRounds "9"]
[EventType "swiss"]
[EventDate "2012.05.26"]

1. e4 c5 2. Nf3 d6 3. d4 cxd4 4. Nxd4 Nf6 5. Nc3 a6 6. Bg5 e6 7. f4 Be7 8. Qf3
Qc7 9. O-O-O Nbd7 10. g4 b5 11. Bxf6 Nxf6 12. g5 Nd7 13. f5 Nc5 14. f6 gxf6 15.
gxf6 Bf8 16. Bh3 Bb7 17. Rhe1 b4 18. Nd5 exd5 19. exd5+ Kd8 20. Qe3 Qb6 21.
Qe8+ Kc7 22. Qxf7+ Be7 23. Rxe7+ Kb8 24. Rxb7+ 1-0

[Event "ODEM U25A 2012"]
[Site "Oberhof GER"]
[Date "2012.05.27"]
[Round "2"]
[White "Schirra, Felix"]
[Black "Wodzinski, Kristin"]
[Result "1-0"]
[Termination "normal"]
[Board "26"]
[WhiteElo "1636"]
[BlackElo "1692"]
[PlyCount "81"]
[WhiteFideId "24692662"]
[BlackFideId "12923141"]
[EventCountry "GER"]
[EventRounds "9"]
[EventType "swiss"]
[EventDate "2012.05.26"]

1. e4 c5 2. Nf3 d6 3. d4 cxd4 4. Nxd4 Nf6 5. Nc3 a6 6. g3 e6 7. Bg2 Be7 8. O-O
O-O 9. Kh1 Qc7 10. Be3 Nbd7 11. f4 Rb8 12. g4 Nb6 13. g5 Nfd7 14. Rf3 Nc4 15.
Rh3 Re8 16. Bc1 e5 17. Nf5 Nf8 18. Nd5 Qd8 19. Nfxe7+ Rxe7 20. Nxe7+ Qxe7 21.
f5 Bd7 22. b3 Na5 23. Qe1 Nc6 24. Qg3 Qd8 25. Ba3 Qc7 26. c4 Nd4 27. Rd1 Rd8
28. Rxd4 exd4 29. Bxd6 Qc8 30. Bxf8 Rxf8 31. Qh4 Bxf5 32. exf5 Qxf5 33. Qe4
Qxe4 34. Bxe4 g6 35. Bxb7 a5 36. Rd3 Re8 37. Rxd4 Re1+ 38. Kg2 Re2+ 39. Kg3
Rxa2 40. c5 Rc2 41. Rc4 1-0

[Event "ODEM U25A 2012"]
[Site "Oberhof GER"]
[Date "2012.05.27"]
[Round "2"]
[White "Naundorf, Johannes"]
[Black "Wachinger, David"]
[Result "1/2-1/2"]
[Termination "normal"]
[Board "27"]
[WhiteElo "1494"]
[BlackElo "1699"]
[PlyCount "75"]
[WhiteFideId "12950009"]
[BlackFideId "24692689"]
[EventCountry "GER"]
[EventRounds "9"]
[EventType "swiss"]
[EventDate "2012.05.26"]

1. Nf3 Nf6 2. g3 d5 3. d4 c6 4. Bg2 e6 5. O-O Nbd7 6. Bg5 Be7 7. c3 O-O 8. Nbd2
c5 9. e3 h6 10. Bxf6 Nxf6 11. Nb3 b6 12. Qe2 Bb7 13. Nbd2 Qc7 14. Ne5 Rfd8 15.
f4 Bd6 16. g4 Ne4 17. Nxe4 dxe4 18. Nc4 Ba6 19. b3 cxd4 20. cxd4 Rac8 21. Bxe4
Bxc4 22. bxc4 Qxc4 23. Qxc4 Rxc4 24. Rfc1 Rdc8 25. Rxc4 Rxc4 26. Kf2 Ba3 27.
Ke2 Kf8 28. Kd3 Rc7 29. Rb1 Ke7 30. Bf3 Bd6 31. Rb2 Rc1 32. Rc2 Rxc2 33. Kxc2
g5 34. fxg5 hxg5 35. h3 b5 36. Be2 b4 37. Ba6 Kd7 38. e4 1/2-1/2

[Event "ODEM U25A 2012"]
[Site "Oberhof GER"]
[Date "2012.05.27"]
[Round "2"]
[White "Theurich, Joel"]
[Black "Salz, Matthias"]
[Result "1-0"]
[Termination "normal"]
[Board "28"]
[WhiteElo "1792"]
[BlackElo "1577"]
[PlyCount "119"]
[WhiteFideId "12930393"]
[BlackFideId "12943312"]
[EventCountry "GER"]
[EventRounds "9"]
[EventType "swiss"]
[EventDate "2012.05.26"]

1. e4 c5 2. Nc3 Nc6 3. d3 g6 4. Be3 d6 5. Qd2 Bg7 6. g3 Rb8 7. Bg2 b5 8. Nf3
Nd4 9. Nd1 e6 10. c3 Nxf3+ 11. Bxf3 Ne7 12. Bh6 O-O 13. h4 Nc6 14. Bxg7 Kxg7
15. Ne3 b4 16. Ng4 h5 17. Ne3 bxc3 18. bxc3 Ba6 19. Be2 Qb6 20. f4 Qb2 21. Rc1
Rb6 22. Nd1 Qxd2+ 23. Kxd2 Bb5 24. Rb1 Rfb8 25. Ne3 Ba6 26. Rxb6 Rxb6 27. Rc1
f5 28. exf5 exf5 29. Kc2 Ne7 30. Rb1 Rxb1 31. Kxb1 Kf6 32. Kc2 Ke6 33. Bf3 Bb5
34. d4 cxd4 35. cxd4 a5 36. Kc3 Ba6 37. Bg2 Bb5 38. a3 Be2 39. Kb3 Bb5 40. Bf3
Be8 41. d5+ Kf6 42. Nc4 Bf7 43. Nxd6 Bxd5+ 44. Bxd5 Nxd5 45. Nc4 a4+ 46. Kxa4
Nc3+ 47. Kb4 Ne2 48. a4 Ke6 49. a5 Kd7 50. Ne5+ Kc7 51. Nxg6 Nxg3 52. Kb5 Kb7
53. a6+ Ka7 54. Ne7 Ne2 55. Nc8+ Kb8 56. Kb6 Nxf4 57. a7+ Ka8 58. Ne7 Ne6 59.
Nxf5 Ng7 60. Ne7 1-0

[Event "ODEM U25A 2012"]
[Site "Oberhof GER"]
[Date "2012.05.27"]
[Round "2"]
[White "Becker, Dirk"]
[Black "Klinge, Sabina"]
[Result "1-0"]
[Termination "normal"]
[Board "29"]
[WhiteElo "1720"]
[BlackElo "1447"]
[PlyCount "83"]
[WhiteFideId "12938564"]
[BlackFideId "12949590"]
[EventCountry "GER"]
[EventRounds "9"]
[EventType "swiss"]
[EventDate "2012.05.26"]

1. e4 c5 2. Nf3 Nc6 3. d4 cxd4 4. Nxd4 g6 5. c4 Bg7 6. Be3 d6 7. Nc3 Nf6 8. Be2
Bd7 9. Qd2 O-O 10. O-O a6 11. f3 Rc8 12. b3 Qa5 13. Rac1 Rfd8 14. Nxc6 Bxc6 15.
Nd5 Qxd2 16. Bxd2 Nxd5 17. exd5 Bd7 18. Ba5 Bd4+ 19. Kh1 b6 20. Rcd1 Bc5 21.
Bc3 a5 22. Bd3 e6 23. dxe6 fxe6 24. Be4 Bc6 25. Bxc6 Rxc6 26. Rd3 Rc7 27. Bd4
d5 28. Bf6 Rf8 29. Be5 Rd7 30. Rfd1 Rf5 31. f4 d4 32. g3 Rf8 33. Kg2 h6 34. Kf3
g5 35. Bxd4 Rfd8 36. Ke4 Kf7 37. Bxc5 Rxd3 38. Rxd3 Rxd3 39. Kxd3 bxc5 40. fxg5
hxg5 41. Ke4 Kf6 42. h4 1-0

[Event "ODEM U25A 2012"]
[Site "Oberhof GER"]
[Date "2012.05.27"]
[Round "2"]
[White "Bieg, Pascal"]
[Black "Katz, Simon"]
[Result "1-0"]
[Termination "normal"]
[Board "30"]
[WhiteElo "1776"]
[BlackElo "1433"]
[PlyCount "97"]
[WhiteFideId "12915645"]
[BlackFideId "12901296"]
[EventCountry "GER"]
[EventRounds "9"]
[EventType "swiss"]
[EventDate "2012.05.26"]

1. d4 e6 2. c4 d5 3. Nc3 Nf6 4. Bg5 Be7 5. e3 O-O 6. Nf3 b6 7. cxd5 Nxd5 8.
Bxe7 Qxe7 9. Bd3 Bb7 10. Rc1 Rc8 11. a3 c5 12. dxc5 Qxc5 13. O-O Nd7 14. Be4
Qa5 15. Nxd5 Bxd5 16. Bxd5 Qxd5 17. Qxd5 exd5 18. Rfd1 Nf6 19. Kf1 Kf8 20. Nd4
Ke7 21. Ke2 Kd7 22. h3 Rxc1 23. Rxc1 Ne4 24. Nb5 Nc5 25. b4 Ne6 26. Nc3 Rc8 27.
Na2 Rxc1 28. Nxc1 Kc6 29. a4 b5 30. a5 a6 31. Nd3 d4 32. e4 Kd6 33. f4 g6 34.
g3 f5 35. Kf3 Kc6 36. h4 Kd6 37. Ne5 fxe4+ 38. Kxe4 Ke7 39. Nc6+ Kd6 40. Ne5
Kc7 41. g4 h5 42. gxh5 gxh5 43. f5 Ng7 44. f6 Ne6 45. Kd5 Nf8 46. f7 Kd8 47.
Kd6 Nh7 48. Nc6+ Kc8 49. Nxd4 1-0

[Event "ODEM U25A 2012"]
[Site "Oberhof GER"]
[Date "2012.05.27"]
[Round "2"]
[White "Blumenthal, Clemens"]
[Black "Bosse, Lea"]
[Result "0-1"]
[Termination "normal"]
[Board "31"]
[WhiteElo "1435"]
[BlackElo "1631"]
[PlyCount "50"]
[WhiteFideId "12938050"]
[BlackFideId "12900419"]
[EventCountry "GER"]
[EventRounds "9"]
[EventType "swiss"]
[EventDate "2012.05.26"]

1. e4 e6 2. d4 d5 3. e5 c5 4. c3 Nc6 5. Nf3 Qb6 6. a3 Nh6 7. b4 cxb4 8. cxb4
Nf5 9. Be3 Be7 10. Be2 f6 11. O-O fxe5 12. b5 exd4 13. bxc6 dxe3 14. Qa4 exf2+
15. Rxf2 bxc6 16. g4 Ne3 17. Nd4 Bf6 18. Nd2 Bxd4 19. Rb1 Qc5 20. Nb3 Qb6 21.
Nd2 Bb2 22. Nf1 Bd7 23. Nxe3 Qxe3 24. Qb4 Bd4 25. Rbf1 Bc5 0-1

[Event "ODEM U25A 2012"]
[Site "Oberhof GER"]
[Date "2012.05.28"]
[Round "3"]
[White "Nötzel, Felix"]
[Black "Pererva, Viktor"]
[Result "1/2-1/2"]
[Termination "normal"]
[Board "1"]
[WhiteElo "2106"]
[BlackElo "1967"]
[PlyCount "238"]
[WhiteFideId "24637416"]
[BlackFideId "24696463"]
[EventCountry "GER"]
[EventRounds "9"]
[EventType "swiss"]
[EventDate "2012.05.26"]

1. e4 e5 2. Nf3 Nc6 3. d4 exd4 4. c3 d5 5. exd5 Qxd5 6. cxd4 Bg4 7. Be2 Bb4+ 8.
Nc3 Bxf3 9. Bxf3 Qc4 10. Qb3 Qxb3 11. axb3 Nxd4 12. Bxb7 Rb8 13. Rxa7 Bc5 14.
Ra8 Rxa8 15. Bxa8 Nxb3 16. Bf4 Kd7 17. Bd5 Nd4 18. Bxf7 Nf6 19. O-O Rb8 20. b3
Bb4 21. Bxc7 Kxc7 22. Nd5+ Nxd5 23. Bxd5 Kd6 24. Bc4 Bc5 25. g3 Nf3+ 26. Kg2
Nd4 27. h4 Rf8 28. f4 Re8 29. Ra1 Re3 30. Ra6+ Kc7 31. Ra5 Kb6 32. Ra6+ Kc7 33.
Ra5 Kc6 34. Ra6+ Bb6 35. g4 Nxb3 36. Ra3 Nd2 37. Rxe3 Bxe3 38. Bd3 h6 39. Kg3
Kd5 40. g5 hxg5 41. hxg5 Kd4 42. Bg6 Ne4+ 43. Kf3 Nc5 44. Kg4 Ne6 45. Kf5 Nxf4
46. Bf7 Kc5 47. Ke5 Kc6 48. Be8+ Kc7 49. Ba4 Kd8 50. Kd6 Ng6 51. Bc2 Nf8 52. g6
Bf4+ 53. Kd5 Ke7 54. Ke4 Bc1 55. Kf5 Ne6 56. Bd3 Nc7 57. Bc4 Ne8 58. Bb3 Nd6+
59. Ke5 Bb2+ 60. Kd5 Nf5 61. Ke4 Kf6 62. Kf4 Ne7 63. Kg4 Nxg6 64. Bc2 Ne5+ 65.
Kg3 Kg5 66. Bb3 Bc1 67. Be6 Bf4+ 68. Kh3 Bd2 69. Kg3 Be1+ 70. Kg2 Kf4 71. Kh3
g5 72. Bc8 Nf7 73. Bd7 Nd6 74. Bg4 Bg3 75. Bd1 Nc4 76. Be2 Ne5 77. Bd1 g4+ 78.
Bxg4 Nxg4 79. Kg2 Bh4 80. Kh3 Be7 81. Kg2 Bc5 82. Kh3 Ne3 83. Kh2 Kf3 84. Kh1
Kg3 85. Kg1 Ng4+ 86. Kh1 Bd6 87. Kg1 Nf2 88. Kf1 Kf3 89. Kg1 Be5 90. Kf1 Ne4
91. Kg1 Nf2 92. Kf1 Bh2 93. Ke1 Ne4 94. Kd1 Ke3 95. Kc2 Kd4 96. Kd1 Ke3 97. Kc2
Bd6 98. Kb3 Kd3 99. Ka4 Kc4 100. Ka5 Kc5 101. Ka6 Nc3 102. Kb7 Kb5 103. Ka7 Nd5
104. Kb7 Bf4 105. Ka7 Kc6 106. Ka8 Kc7 107. Ka7 Nb6 108. Ka6 Kc6 109. Ka7 Bh2
110. Ka6 Bb8 111. Ka5 Kc5 112. Ka6 Be5 113. Kb7 Kb5 114. Ka7 Kc6 115. Ka6 Bc3
116. Ka7 Nc8+ 117. Kb8 Ne7 118. Ka7 Bd4+ 119. Ka8 Kc7 1/2-1/2

[Event "ODEM U25A 2012"]
[Site "Oberhof GER"]
[Date "2012.05.28"]
[Round "3"]
[White "Münch, Robert"]
[Black "Carow, Annelen"]
[Result "0-1"]
[Termination "normal"]
[Board "2"]
[WhiteElo "1953"]
[BlackElo "1957"]
[PlyCount "128"]
[WhiteFideId "4626028"]
[BlackFideId "24692492"]
[EventCountry "GER"]
[EventRounds "9"]
[EventType "swiss"]
[EventDate "2012.05.26"]

1. d4 Nf6 2. Bg5 e6 3. Nd2 d5 4. e3 c5 5. c3 Be7 6. Bd3 Nbd7 7. f4 b6 8. Ngf3
Bb7 9. Bxf6 Bxf6 10. Ne5 O-O 11. O-O g6 12. Ndf3 Bg7 13. Qe1 Qe7 14. Qg3 Rfc8
15. Ng5 f5 16. h4 Nxe5 17. fxe5 Bc6 18. Nh3 Be8 19. Nf4 b5 20. h5 gxh5 21. Nxe6
Qxe6 22. Bxf5 Qe7 23. Bxc8 Rxc8 24. Rf4 Bg6 25. Raf1 a5 26. Qf3 Rd8 27. Qe2 c4
28. Qf3 b4 29. Rf2 a4 30. cxb4 Qxb4 31. a3 Qe7 32. Qd1 Ra8 33. Qf3 Qd7 34. Qe2
Rc8 35. Qe1 Qe7 36. Qa5 Qd7 37. Qa6 Re8 38. Qa5 Bh6 39. R4f3 Bg5 40. Qc5 Be7
41. Qb6 c3 42. bxc3 Bxa3 43. Rf6 Bf8 44. e6 Qe7 45. Rf7 Qg5 46. Qc6 Rb8 47. Rb7
Rxb7 48. Qxb7 Be7 49. Qa8+ Kg7 50. Qxa4 Qxe3 51. Qd7 Qg5 52. c4 dxc4 53. d5 Kh6
54. d6 Bf6 55. Qc8 Qc1+ 56. Kh2 Be5+ 57. g3 Bxd6 58. Qd7 Qe3 59. Rg2 Qe5 60.
Qc8 c3 61. Qc4 Be4 62. Rg1 h4 63. Qf1 hxg3+ 64. Kh3 Qh5# 0-1

[Event "ODEM U25A 2012"]
[Site "Oberhof GER"]
[Date "2012.05.28"]
[Round "3"]
[White "Feldheim, Jonas"]
[Black "Giraud, Valerian"]
[Result "0-1"]
[Termination "normal"]
[Board "3"]
[WhiteElo "2005"]
[BlackElo "1914"]
[PlyCount "68"]
[WhiteFideId "24697583"]
[BlackFideId "12920355"]
[EventCountry "GER"]
[EventRounds "9"]
[EventType "swiss"]
[EventDate "2012.05.26"]

1. e4 e6 2. d4 d5 3. Nc3 Bb4 4. a3 Bxc3+ 5. bxc3 dxe4 6. Qg4 Nf6 7. Qxg7 Rg8 8.
Qh6 Nbd7 9. Ne2 Qe7 10. Ng3 b6 11. Be2 Bb7 12. O-O O-O-O 13. a4 Ng4 14. Qf4 f5
15. a5 Ndf6 16. c4 h5 17. h3 h4 18. Nxf5 exf5 19. Qxf5+ Kb8 20. hxg4 Nxg4 21.
axb6 axb6 22. c5 h3 23. cxb6 hxg2 24. bxc7+ Qxc7 25. Bf4 gxf1=Q+ 26. Kxf1 Nh2+
27. Ke1 Rd6 28. Bxh2 Qc3+ 29. Kd1 Qxa1+ 30. Kd2 Qxd4+ 31. Bd3 exd3 32. c3 Qb6
33. Qf7 Qb2+ 34. Ke3 Qe2+ 0-1

[Event "ODEM U25A 2012"]
[Site "Oberhof GER"]
[Date "2012.05.28"]
[Round "3"]
[White "Zimmermann, Christian"]
[Black "Humburg, Philipp"]
[Result "1-0"]
[Termination "normal"]
[Board "4"]
[WhiteElo "1878"]
[BlackElo "1840"]
[PlyCount "77"]
[WhiteFideId "24692069"]
[BlackFideId "24656151"]
[EventCountry "GER"]
[EventRounds "9"]
[EventType "swiss"]
[EventDate "2012.05.26"]

1. e4 c5 2. Nf3 Nc6 3. d4 cxd4 4. Nxd4 Nf6 5. Nc3 d6 6. f3 e5 7. Nb3 a5 8. Be3
a4 9. Nd2 a3 10. Nc4 axb2 11. Rb1 Be6 12. Rxb2 d5 13. Nb6 Ra3 14. Nbxd5 Nxd5
15. Nxd5 Bxd5 16. Bb6 Qc8 17. exd5 Na7 18. c4 Bc5 19. Bxc5 Qxc5 20. Qd2 O-O 21.
Rb3 Ra6 22. Rxb7 f5 23. Be2 Nc8 24. Rb5 Qa7 25. c5 Rxa2 26. Qb4 Qa6 27. d6 Ra1+
28. Bd1 Na7 29. Qc4+ Kh8 30. Rb4 Qa3 31. O-O Qe3+ 32. Kh1 Nc6 33. Rb3 Qd2 34.
Rd3 Qb2 35. Qc3 Qa2 36. h3 Rb1 37. Rd2 Qe6 38. Kh2 f4 39. Qd3 1-0